Markets (Record no. 82292)

MARC details
000 -LEADER
fixed length control field 01087cam a22002055a 4500
001 - CONTROL NUMBER
control field L149837
008 - FIXED-LENGTH DATA ELEMENTS--GENERAL INFORMATION
fixed length control field 100504e2010 xxk 000 0 eng d
035 ## - SYSTEM CONTROL NUMBER
System control number (Sirsi) u149837
041 0# - LANGUAGE CODE
Language code of text/sound track or separate title eng
100 1# - MAIN ENTRY--PERSONAL NAME
Personal name Shah, Aditi
245 00 - TITLE STATEMENT
Title Markets
Remainder of title Essex
260 ## - PUBLICATION, DISTRIBUTION, ETC.
Date of publication, distribution, etc. 2010
490 #0 - SERIES STATEMENT
Series statement Property Week
Volume/sequential designation 76(12) 26 March 2010, 51-56(4)
520 ## - SUMMARY, ETC.
Summary, etc. Land reclamation work has started on the 9m sq ft London Gateway container port at Stanford-le-Hope. The National Skills Academy for Creative and Cultural Skills has won funding to build a new skills academy at Thurrock to be completed in Spring 2012. London and Essex leaders at a MIPIM forum have been advised that they must act now to build a lasting legacy from Olympics 2012 and campaign for improved infrastructure to support regional development. Runway extension at Southend Airport gains government approval. Essex County Council is building a land bank of development sites.
590 ## - LOCAL NOTE (RLIN)
Local note KA
651 #4 - SUBJECT ADDED ENTRY--GEOGRAPHIC NAME
Geographic name Essex
690 ## - LOCAL SUBJECT ADDED ENTRY--TOPICAL TERM (OCLC, RLIN)
Topical term or geographic name as entry element PROPERTY-COMMERCIAL PROPERTY-COMMERCIAL PROPERTY MARKET
700 1# - ADDED ENTRY--PERSONAL NAME
Personal name Shepherd, Mark
942 ## - ADDED ENTRY ELEMENTS (KOHA)
Suppress in OPAC 0
Holdings
Withdrawn status Lost status Source of classification or shelving scheme Damaged status Not for loan Home library Current library Shelving location Date acquired Total Checkouts Full call number Barcode Date last seen Copy number Price effective from Koha item type
    Dewey Decimal Classification     London London Journal article 04/05/2010   L149837 149837-1001 06/08/2019 1 06/08/2019 Journal article